000 01100nam2a22002411 4500
001 v19\rc\1609625
005 20250618223649.0
035 _a(NLR Aleph) 004730228
090 _a4439892
_c4439892
100 _a20061002d1897 |||y0rusy50 ca
101 0 _arus
102 _aRU
105 _ay z |||||
200 0 _a... на 1898 год
210 _d1897
_aБ. м.
215 _a32 с.
461 0 _1001v19\rc\1609624
_12001#$aКаталог лучших журналов...$eПодписку принимает с соблюдением правил цензуры Эмиль Маурах в Риге, бывш. Г. Энгельман$v... на 1898 год
_94439888
_aМаурах, (Рига)
_cРига
_d1897
_oПодписку принимает с соблюдением правил цензуры Эмиль Маурах в Риге, бывш. Г. Энгельман
_tКаталог лучших журналов...
_v... на 1898 год
801 0 _aRU
_bNLR
_gpsbo
801 0 _aRU
_bRuMoRGB
_2psbo
801 1 _aRU
_bProSoft-M
_2rusmarc
852 _aNLR
_j18.273.3.34
942 _cBOOK
980 _aNB